000 01400nam a2200313 i 4500
003 EG-GICUC
005 20260121101506.0
008 251215s2012 ua ||||fr|||| 000 0 ara d
017 _a2012/15919
020 _a978-977-04-9701-6
040 _a EG-GICUC
_bara
_c EG-GICUC
_d EG-GICUC
_erda
041 _aara
082 0 4 _221
_a343.5510535
_bب ك . ش
092 0 4 _221
099 _aLaw1 10 343.5510535 ب ك . ش 2012
100 0 _aبكري عبدالله حسن
_eمؤلف.
245 1 0 _aشروط وإجراءات تسليم وإسترداد المتهمين والمحكوم عليهم في ضوء القانون الاتحادي لدولة الإمارات العربية المتحدة رقم 39 لسنة 2006 بشأن التعاون القضائي الدولي في المسائل الجنائية والإتفاقيات الدولية و مبادئ محكمة التمييز /
_cبكري عبدالله حسن.
264 1 _aالقاهرة :
_bدار الهضة العربية،
_c2012.
300 _a248 صفحة ؛
_c24 سم
336 _2rda content
_atext
337 _2rda media
_aComputer
338 _2rda carrier
_aOnline Resource
546 _aالنص باللغة العربية
650 1 4 _aتسليم المجرمين
_2qrmak
651 1 _2qrmak
856 4 0 _uhttps://fll.law.cu.edu.eg/fulltext/bks/B10-07201.pdf
905 _a79
_eHassnaa
942 _2ddc
_cBK
_e21
_n0
999 _c50639
_d50639